India and the politics of developing countries: essays in memory of Myron Weiner (Record no. 3992)

MARC details
000 -LEADER
fixed length control field 00629nam a2200205Ia 4500
020 ## - INTERNATIONAL STANDARD BOOK NUMBER
ISBN 0-7619-3287-9
082 ## - DEWEY DECIMAL CLASSIFICATION NUMBER
Classification number 320.954 IND; SL1
245 #0 - TITLE STATEMENT
Title India and the politics of developing countries: essays in memory of Myron Weiner
260 ## - PUBLICATION, DISTRIBUTION, ETC. (IMPRINT)
Place of publication New Delhi
Name of publisher Sage Publications
Year of publication 2004
300 ## - PHYSICAL DESCRIPTION
Number of Pages 271p.
504 ## - BIBLIOGRAPHY, ETC. NOTE
Bibliography, etc includes index
650 ## - SUBJECT ADDED ENTRY--TOPICAL TERM
Topical Term Ethnic politics
650 ## - SUBJECT ADDED ENTRY--TOPICAL TERM
Topical Term Political parties - India
650 ## - SUBJECT ADDED ENTRY--TOPICAL TERM
Topical Term Democracy - India
650 ## - SUBJECT ADDED ENTRY--TOPICAL TERM
Topical Term Political economy
650 ## - SUBJECT ADDED ENTRY--TOPICAL TERM
Topical Term India - Politics and government
650 ## - SUBJECT ADDED ENTRY--TOPICAL TERM
Topical Term India - Ethnic relations - Political aspects
700 ## - ADDED ENTRY--PERSONAL NAME
Personal name Varshney, Ashutosh
942 ## - ADDED ENTRY ELEMENTS (KOHA)
Koha item type Books
Holdings
Withdrawn status Lost status Damaged status Not for loan Home library Current library Date acquired Source of acquisition Bill Date Full call number Accession Number Price effective from Koha item type
        NASSDOC Library NASSDOC Library 28/02/2005 PATHAK 2005-02-11 320.954 IND; SL1 40394 18/04/2019 Books